[Event "Wch U18 Girls"]
[Site "Khanty-Mansiysk"]
[Date "2016.10.02"]
[Round "10"]
[White "Kolver, Michelle"]
[Black "Oljobai Kyzy, Alisa"]
[Result "1-0"]
[WhiteElo "1485"]
[BlackElo "1672"]
[PlyCount "65"]
[EventDate "2016.09.22"]
[EventType "swiss"]
[EventRounds "11"]
[EventCountry "RUS"]
[SourceTitle "EXT 2017"]
[Source "ChessBase"]
[SourceDate "2016.10.25"]
[SourceVersion "1"]
[SourceVersionDate "2016.10.25"]
[SourceQuality "1"]

1. d4 d5 2. Nf3 c6 3. Bg5 Nf6 4. Nbd2 e6 5. e3 Nbd7 6. e4 dxe4 7. Nxe4 Be7 8. Ned2 Nd5 9. Bxe7 Qxe7 10. c3 0-0 11. Bd3 Nf4 12. Qc2 Nxg2+ 13. Kf1 Nf4 14. Bxh7+ Kh8 15. Bd3 c5 16. Rg1 f5 17. Re1 b6 18. Bxf5 Ba6+ 19. c4 Qf6 20. Be4 Rad8 21. Rg4 cxd4 22. Rh4+ Kg8 23. Bh7+ Kf7 24. Ne4 d3 25. Qd2 Qxh4 26. Nxh4 Ke8 27. Ng6 Nxg6 28. Bxg6+ Ke7 29. Qxd3 Ne5 30. Qa3+ Kd7 31. Qd6+ Kc8 32. Qxe5 Bxc4+ 33. Kg1 1-0

[Event "Wch U18 Girls"]
[Site "Khanty-Mansiysk"]
[Date "2016.09.24"]
[Round "3"]
[White "Kolver, Michelle"]
[Black "Hu, Yu A"]
[Result "0-1"]
[WhiteElo "1485"]
[BlackElo "2049"]
[PlyCount "36"]
[EventDate "2016.09.22"]
[EventType "swiss"]
[EventRounds "11"]
[EventCountry "RUS"]
[SourceTitle "EXT 2017"]
[Source "ChessBase"]
[SourceDate "2016.10.25"]
[SourceVersion "1"]
[SourceVersionDate "2016.10.25"]
[SourceQuality "1"]

1. d4 Nf6 2. Nc3 d5 3. Bg5 e6 4. f3 Be7 5. Qd3 Nbd7 6. e4 dxe4 7. fxe4 c5 8. Nf3 cxd4 9. Qxd4 h6 10. Bh4 0-0 11. Bb5 Qc7 12. e5 Bc5 13. Qd2 Ng4 14. Bxd7 Bxd7 15. Qf4 Ne3 16. Qe4 Bc6 17. Qd3 Nxg2+ 18. Ke2 Nf4+ 0-1

[Event "RSA-chT U18"]
[Site "Cape Town"]
[Date "2016.01.04"]
[Round "2.3"]
[White "Kolver, Michelle"]
[Black "Govender, Shivan"]
[Result "1-0"]
[WhiteElo "1520"]
[BlackElo "1216"]
[PlyCount "102"]
[EventDate "2016.01.04"]
[EventType "team-tourn"]
[EventRounds "7"]
[EventCountry "RSA"]
[SourceTitle "CBM 170 Extra"]
[Source "ChessBase"]
[SourceDate "2016.02.25"]
[SourceVersion "1"]
[SourceVersionDate "2016.02.25"]
[SourceQuality "1"]
[WhiteTeam "Tshwane"]
[BlackTeam "Ethekwini"]
[WhiteTeamCountry "RSA"]
[BlackTeamCountry "RSA"]

1. d4 d5 2. Nf3 Bf5 3. Bg5 h6 4. Bh4 Nc6 5. c3 Qd7 6. Nbd2 a6 7. e3 f6 8. Qe2 0-0-0 9. e4 dxe4 10. Nxe4 e6 11. Qe3 Kb8 12. Bc4 Na5 13. Be2 Qc6 14. Ned2 Ne7 15. Nb3 Nc4 16. Bxc4 Qxc4 17. Nfd2 Qd5 18. 0-0 Nc6 19. Rfe1 g5 20. Bg3 h5 21. f3 h4 22. Bf2 g4 23. fxg4 Bxg4 24. Qe4 Qg5 25. Nf3 Bxf3 26. Qxf3 e5 27. Re4 f5 28. Re2 e4 29. Qe3 Qg6 30. Rae1 Bd6 31. Qh3 Rhg8 32. Nd2 Bf4 33. Be3 Bg3 34. Rf1 Ne7 35. Bf4 Bxf4 36. Rxf4 Qh5 37. Ref2 Rg4 38. Nf1 Rdg8 39. Ne3 Rxf4 40. Rxf4 Rg5 41. Kf1 Ka7 42. Qxh4 Qxh4 43. Rxh4 Ng6 44. Rh7 Nf8 45. Rf7 Ne6 46. Rxf5 Rg7 47. Re5 Nf4 48. Rxe4 Nd3 49. Nd1 Rf7+ 50. Kg1 Nf4 51. Re3 Rd7 1-0

[Event "Johannesburg Africa op (Women)"]
[Site "Johannesburg"]
[Date "2015.08.09"]
[Round "4"]
[White "Kolver, Michelle"]
[Black "Padayachee, Keyana Chloe"]
[Result "1/2-1/2"]
[WhiteElo "1533"]
[BlackElo "1474"]
[PlyCount "110"]
[EventDate "2015.08.07"]
[EventType "swiss"]
[EventRounds "7"]
[EventCountry "RSA"]
[SourceTitle "EXT 2016"]
[Source "ChessBase"]
[SourceDate "2015.10.08"]
[SourceVersion "1"]
[SourceVersionDate "2015.10.08"]
[SourceQuality "1"]

1. d4 Nf6 2. Bg5 Ne4 3. Bh4 d5 4. e3 Nc6 5. c3 Nf6 6. Bxf6 exf6 7. Bd3 Bd6 8. Nf3 f5 9. 0-0 0-0 10. Nbd2 Re8 11. Qc2 g6 12. Rae1 Qf6 13. Kh1 Kh8 14. Ng1 Rg8 15. Qd1 g5 16. g3 Be6 17. f4 g4 18. a3 Rg7 19. Qe2 h5 20. c4 h4 21. Qg2 hxg3 22. Qxg3 Qh6 23. Re2 Rag8 24. Rg2 Be7 25. Qe1 Rh7 26. Qb1 dxc4 27. Bxc4 Na5 28. Bxe6 fxe6 29. b4 Nc6 30. d5 Nd8 31. Qd3 Nf7 32. dxe6 Qxe6 33. Qd4+ Bf6 34. Qxa7 Nd6 35. Rc1 c6 36. a4 Ne4 37. Nxe4 Qxe4 38. b5 Rd8 39. bxc6 bxc6 40. Qc5 Qxa4 41. Qxf5 Rf8 42. Qxg4 Qe4 43. Qf3 Qd5 44. Qxd5 cxd5 45. Rc5 Rd8 46. Rg6 Be7 47. Rc7 d4 48. exd4 Rxd4 49. Rc8+ Rd8 50. Rxd8+ Bxd8 51. Nf3 Rf7 52. Rg4 Bc7 53. Ng5 Rxf4 54. Rxf4 Bxf4 55. Ne6 Bxh2 1/2-1/2

[Event "RSA-ch U16 Girls"]
[Site "Waterkloof"]
[Date "2015.04.07"]
[Round "5"]
[White "Oltman, Kayla"]
[Black "Kolver, Michelle"]
[Result "1-0"]
[WhiteElo "1620"]
[BlackElo "1517"]
[PlyCount "135"]
[EventDate "2015.04.04"]
[EventType "swiss"]
[EventRounds "9"]
[EventCountry "RSA"]
[SourceTitle "CBM 166 Extra"]
[Source "ChessBase"]
[SourceDate "2015.06.18"]
[SourceVersion "1"]
[SourceVersionDate "2015.06.18"]
[SourceQuality "1"]

1. c4 e5 2. g3 d6 3. Bg2 f5 4. Nc3 Nf6 5. e3 Be7 6. Nge2 c6 7. d4 Nbd7 8. b3 0-0 9. 0-0 Qe8 10. Ba3 Qf7 11. dxe5 dxe5 12. Bxe7 Qxe7 13. Qc2 Ng4 14. h3 Nh6 15. Rad1 g5 16. Qd2 Kg7 17. Qd6 Qxd6 18. Rxd6 f4 19. exf4 exf4 20. Nd4 Ne5 21. gxf4 gxf4 22. Re1 Nhf7 23. Ne6+ Bxe6 24. Rxe6 Rfe8 25. Rxe8 Rxe8 26. Kf1 f3 27. Bxf3 Rd8 28. Bh5 Rd3 29. Bxf7 Nxf7 30. Re3 Rxe3 31. fxe3 Kf6 32. Kf2 Ke5 33. Ne2 Ng5 34. Nf4 Ne4+ 35. Ke1 Nc3 36. a4 Ne4 37. Ke2 Nc5 38. Nd3+ Nxd3 39. Kxd3 c5 40. Ke2 Ke4 41. Kf2 b6 42. Ke2 h6 43. h4 h5 44. Kf2 a6 45. Ke2 a5 46. Kf2 Kd3 47. Kf3 Kc3 48. e4 Kxb3 49. e5 Kxa4 50. e6 b5 51. cxb5 Kxb5 52. e7 a4 53. e8Q+ Kb4 54. Qb8+ Kc4 55. Qb2 Kd5 56. Qa2+ Kd4 57. Qxa4+ c4 58. Qc2 Kd5 59. Qc3 Kc5 60. Qe5+ Kb4 61. Qxh5 c3 62. Qg5 Kb3 63. Qc1 c2 64. h5 Kc3 65. h6 Kb3 66. h7 Ka2 67. Qxc2+ Ka1 68. h8Q# 1-0

[Event "RSA-ch U16 Girls"]
[Site "Waterkloof"]
[Date "2015.04.06"]
[Round "3"]
[White "Surujhlal, Kayla"]
[Black "Kolver, Michelle"]
[Result "0-1"]
[WhiteElo "1139"]
[BlackElo "1517"]
[PlyCount "182"]
[EventDate "2015.04.04"]
[EventType "swiss"]
[EventRounds "9"]
[EventCountry "RSA"]
[SourceTitle "CBM 166 Extra"]
[Source "ChessBase"]
[SourceDate "2015.06.18"]
[SourceVersion "1"]
[SourceVersionDate "2015.06.18"]
[SourceQuality "1"]

1. e4 c5 2. Nf3 a6 3. d4 cxd4 4. Nxd4 Nf6 5. Nc3 e5 6. Nb3 Bb4 7. Bd3 d5 8. exd5 Nxd5 9. Bd2 Nxc3 10. Bxc3 Bxc3+ 11. bxc3 0-0 12. 0-0 Qh4 13. Re1 Nc6 14. Qe2 f6 15. Rad1 Ne7 16. Rd2 Kh8 17. Red1 Nd5 18. Ra1 Nxc3 19. Qe3 Nd5 20. Qc5 Be6 21. c4 Rfc8 22. Qd6 Rc6 23. Qa3 Nb6 24. Qc1 Bxc4 25. Bxc4 Rxc4 26. Qd1 Rcc8 27. Na5 Nc4 28. g3 Qe4 29. Nxc4 Qxc4 30. Rd7 Qc6 31. Rb1 b5 32. Qd2 Qb6 33. Rd1 h6 34. Qd3 Ra7 35. Rd6 Qa5 36. Rd2 Qc7 37. h3 Rg8 38. Qe3 Raa8 39. Qe4 Qc1+ 40. Kg2 Qc7 41. Rd7 Qc8 42. Qd5 Rf8 43. Qd6 Rg8 44. Qd5 Qc3 45. Qf7 Rac8 46. Qg6 Qc6+ 47. Kh2 Qa8 48. Qd3 Rc1 49. Rd1 Rxd1 50. Qxd1 Qc6 51. Rd6 Qc5 52. Kg1 Rc8 53. Rxa6 Qc1 54. Qxc1 Rxc1+ 55. Kg2 Kh7 56. Rb6 Ra1 57. Rxb5 Rxa2 58. g4 Kg6 59. Rb4 Rd2 60. Re4 Rd4 61. Re3 h5 62. Kg3 hxg4 63. hxg4 Kg5 64. f3 Rf4 65. Re2 g6 66. Re1 Rd4 67. Re2 Rd5 68. Re3 f5 69. Rxe5 Rxe5 70. f4+ Kf6 71. g5+ Ke6 72. fxe5 Kxe5 73. Kf3 f4 74. Ke2 Kf5 75. Kf3 Kxg5 76. Kg2 Kg4 77. Kf2 g5 78. Kg2 f3+ 79. Kf2 Kf4 80. Kg1 g4 81. Kh2 Ke3 82. Kg1 Ke2 83. Kh1 f2 84. Kh2 f1Q 85. Kg3 Qf3+ 86. Kh4 g3 87. Kh3 g2+ 88. Kh2 Qf1 89. Kh3 g1Q+ 90. Kh4 Qf4+ 91. Kh5 Qgg5# 0-1

[Event "World ol U16"]
[Site "Gyor"]
[Date "2014.12.18"]
[Round "7.2"]
[White "Juhasz, Judit"]
[Black "Kolver, Michelle"]
[Result "1-0"]
[WhiteElo "1668"]
[BlackElo "1584"]
[PlyCount "39"]
[EventDate "2014.12.13"]
[EventType "team-swiss"]
[EventRounds "10"]
[EventCountry "HUN"]
[SourceTitle "EXT 2016"]
[Source "ChessBase"]
[SourceDate "2015.10.08"]
[SourceVersion "1"]
[SourceVersionDate "2015.10.08"]
[SourceQuality "1"]
[WhiteTeam "Transdanubium III"]
[BlackTeam "South Africa Girls"]
[WhiteTeamCountry "HUN"]
[BlackTeamCountry "RSA"]

1. e4 e5 2. Bc4 Nf6 3. d3 Nc6 4. c3 Be7 5. Bb3 0-0 6. Nf3 d6 7. Nbd2 Bg4 8. Nf1 Re8 9. Ng3 d5 10. Qe2 d4 11. 0-0 Na5 12. Bc2 c5 13. h3 Bxf3 14. Qxf3 Nc6 15. Nf5 Bf8 16. Qg3 Re6 17. Nh6+ Kh8 18. Nxf7+ Kg8 19. Nxd8 Rxd8 20. Bb3 1-0